| 000 | 00953nas a2200289 4500 | ||
|---|---|---|---|
| 001 | BR2014003949 | ||
| 003 | BR-BrBNA | ||
| 005 | 20231205124335.0 | ||
| 007 | ta | ||
| 008 | 230509b bl.|||p| |||| 00| 00por d | ||
| 040 |
_aBR-BrBNA _bpor _cBiblioteca Nacional de Agricultura |
||
| 041 | _a(Pt) | ||
| 072 | _aF06; E16; U10 | ||
| 100 | 1 | _aSantos, M.A.L. dos | |
| 100 | 1 | _aCosta, R.N.T. | |
| 100 | 1 | _aAguiar, J.V. de | |
| 100 | 1 | _aTeixeira, A. dos S. | |
| 100 | 1 | _aGomes Filho, R.R. | |
| 245 | 1 | _aOtimização econômica da exploração agrícola para o distrito de irrigação Baixo Acaraú-CE, utilizando modelo de programação linear | |
| 650 | _aANÁLISE ECONÔMICA | ||
| 650 | _aCUSTO-BENEFÍCIO | ||
| 650 | _aMODELO MATEMÁTICO | ||
| 650 | _aMODELO DE SIMULAÇÃO | ||
| 773 | 0 |
_tIrriga (Brazil) _xISSN 1808-3765 _g(Jan-Apr 2005), V. 10(1) p. 30-45 _wBR2014003949 |
|
| 909 |
_a202311 _bLúcia _c55 _dLúcia Elande |
||
| 942 |
_2AGRIS _n0 _cANA |
||
| 999 |
_c238562 _d238562 |
||